| 000 | 00936cpcaa2200277 a 4500 | ||
|---|---|---|---|
| 001 | mm 79005804 | ||
| 003 | DLC | ||
| 005 | 20260227111652.0 | ||
| 008 | 791113|||||||||||| eng | ||
| 010 | _amm 79005804 | ||
| 040 |
_aDLC _cDLC _edacs _dDLC |
||
| 072 | 7 |
_aW _2lcmd |
|
| 100 | 1 | _aSeabrook, Edward M. | |
| 245 | 0 | 0 |
_aEdward M. Seabrook papers, _f1858-1865. |
| 300 |
_a25 _fitems. |
||
| 506 | 0 | _aOpen to research. | |
| 520 | 8 | _aChiefly receipted tax accounts. | |
| 545 | 0 | _aConfederate Army officer. | |
| 546 | _aCollection material in English. | ||
| 580 | _aForms part of: Miscellaneous Manuscripts collection. | ||
| 650 | 0 |
_aTaxation _zConfederate States of America. |
|
| 650 | 0 |
_aTaxation _zUnited States. |
|
| 656 | 7 |
_aArmy officers, Confederate. _2itoamc |
|
| 999 |
_c42013 _d42013 |
||